| 000 | 00566nam a2200205 a 4500 | ||
|---|---|---|---|
| 005 | 20210223124817.0 | ||
| 008 | 030120s1995 mx r 000 0 spa d | ||
| 020 | _a8437237289 | ||
| 035 | _aUPN01000121466 | ||
| 049 | _aI | ||
| 050 | 4 |
_aQE714.5 _bT2.48 |
|
| 100 | 1 | _aTaylos, Paul D. | |
| 245 | 1 | 4 |
_aLos fósiles / _cPaul D. Taylor ; tr. Beatriz Morla. |
| 260 |
_aMadrid ; _aMéxico : _bAltea, _c1995. |
||
| 300 |
_a63 p. : _bil. |
||
| 440 | 0 | _aBiblioteca visual Altea | |
| 650 | 4 |
_aPALEONTOLOGIA _95271 |
|
| 700 | 1 |
_aTaylor, D. Paul, _ecoaut. |
|
| 905 | _aInfantil | ||
| 999 |
_c93714 _d93714 |
||